000 00952nam a2200277 i 4500
001 70578
003 ES-MaACL
005 20250822094343.0
007 t|
008 040728s1971 sp |||| | spa d
080 _a159.922.2
080 _a159.922.8
100 1 _aGarcía Yagüe, Juan.
_955450
_eaut
245 1 0 _aCondicionamientos ambientales de la personalidad /
_cJuan García Yagüe, Ángel Lázaro.
260 _aMadrid :
_bMagisterio Español,
_c[1971]
300 _a399 p., 2 lám. ;
_c24 cm.
490 1 _aBiblioteca de ciencias de la educación.
_pSistemática
650 4 _aPersonalidad.
_915971
650 4 _aAdolescentes-
_xPsicología.
_99649
700 1 _aLázaro Martínez, Ángel
_970804
_eaut
830 1 0 _aBiblioteca de ciencias de la educación (Magisterio Español)
_9181788
852 _aES-MaACL
_jE-7624
_cDEPO2
942 _2udc
_cMONOGRAFIA
_n0
999 _c70578
_d70578